<?xml version="1.0" encoding="UTF-8"?>
<collection xmlns="http://www.loc.gov/MARC21/slim">
 <record>
  <leader>02615nam a22003137a 4500</leader>
  <controlfield tag="001">NCT_75692</controlfield>
  <controlfield tag="008">200225b        xxu||||| |||| 00| 0 vie d</controlfield>
  <datafield tag="999" ind1=" " ind2=" ">
   <subfield code="c">3689</subfield>
   <subfield code="d">3689</subfield>
  </datafield>
  <datafield tag="020" ind1=" " ind2=" ">
   <subfield code="a">9786049520983</subfield>
   <subfield code="c">59000</subfield>
  </datafield>
  <datafield tag="082" ind1="0" ind2="4">
   <subfield code="2">23rd ed.</subfield>
   <subfield code="a">551.57</subfield>
   <subfield code="b">Kh107</subfield>
  </datafield>
  <datafield tag="100" ind1="1" ind2=" ">
   <subfield code="a">Dương Văn Khánh</subfield>
  </datafield>
  <datafield tag="245" ind1="1" ind2="0">
   <subfield code="a">Dự báo khí tượng Biển Đông</subfield>
   <subfield code="c">Dương Văn Khánh, Kim Quang Minh</subfield>
  </datafield>
  <datafield tag="260" ind1=" " ind2=" ">
   <subfield code="a">H.</subfield>
   <subfield code="b">Tài nguyên - Môi trường và Bản đồ Việt Nam</subfield>
   <subfield code="c">2017</subfield>
  </datafield>
  <datafield tag="300" ind1=" " ind2=" ">
   <subfield code="a">211 tr.</subfield>
   <subfield code="b">minh họa</subfield>
   <subfield code="c">21cm</subfield>
  </datafield>
  <datafield tag="520" ind1="3" ind2=" ">
   <subfield code="a">Tác giả tập trung giới thiệu về mạng lưới đo đạc quan trắc khí tượng hải văn, số liệu khí tượng trên Biển Đông và tổng quan các thành tựu trong công tác nghiên cứu khoa học về khí tượng hải văn khu vực Biển Đông của Việt Nam.</subfield>
  </datafield>
  <datafield tag="653" ind1=" " ind2=" ">
   <subfield code="a">Quản lý tài nguyên &amp; Môi trường.</subfield>
  </datafield>
  <datafield tag="700" ind1="1" ind2=" ">
   <subfield code="a">Kim Quang Minh</subfield>
  </datafield>
  <datafield tag="942" ind1=" " ind2=" ">
   <subfield code="2">ddc</subfield>
   <subfield code="c">BK</subfield>
  </datafield>
  <datafield tag="952" ind1=" " ind2=" ">
   <subfield code="0">0</subfield>
   <subfield code="1">0</subfield>
   <subfield code="2">ddc</subfield>
   <subfield code="4">0</subfield>
   <subfield code="6">551_570000000000000_KH107</subfield>
   <subfield code="7">0</subfield>
   <subfield code="9">18913</subfield>
   <subfield code="a">000001</subfield>
   <subfield code="b">000001</subfield>
   <subfield code="d">2020-02-25</subfield>
   <subfield code="o">551.57 Kh107</subfield>
   <subfield code="p">MD.16688</subfield>
   <subfield code="r">2020-02-25</subfield>
   <subfield code="v">59000.00</subfield>
   <subfield code="w">2020-02-25</subfield>
   <subfield code="y">BK</subfield>
  </datafield>
  <datafield tag="952" ind1=" " ind2=" ">
   <subfield code="0">0</subfield>
   <subfield code="1">0</subfield>
   <subfield code="2">ddc</subfield>
   <subfield code="4">0</subfield>
   <subfield code="6">551_570000000000000_KH107</subfield>
   <subfield code="7">0</subfield>
   <subfield code="9">18914</subfield>
   <subfield code="a">000001</subfield>
   <subfield code="b">000001</subfield>
   <subfield code="d">2020-02-25</subfield>
   <subfield code="o">551.57 Kh107</subfield>
   <subfield code="p">MD.16689</subfield>
   <subfield code="r">2020-02-25</subfield>
   <subfield code="v">59000.00</subfield>
   <subfield code="w">2020-02-25</subfield>
   <subfield code="y">BK</subfield>
  </datafield>
  <datafield tag="952" ind1=" " ind2=" ">
   <subfield code="0">0</subfield>
   <subfield code="1">0</subfield>
   <subfield code="2">ddc</subfield>
   <subfield code="4">0</subfield>
   <subfield code="6">551_570000000000000_KH107</subfield>
   <subfield code="7">0</subfield>
   <subfield code="9">18915</subfield>
   <subfield code="a">000001</subfield>
   <subfield code="b">000001</subfield>
   <subfield code="d">2020-02-25</subfield>
   <subfield code="o">551.57 Kh107</subfield>
   <subfield code="p">MD.16690</subfield>
   <subfield code="r">2020-02-25</subfield>
   <subfield code="v">59000.00</subfield>
   <subfield code="w">2020-02-25</subfield>
   <subfield code="y">BK</subfield>
  </datafield>
  <datafield tag="952" ind1=" " ind2=" ">
   <subfield code="0">0</subfield>
   <subfield code="1">0</subfield>
   <subfield code="2">ddc</subfield>
   <subfield code="4">0</subfield>
   <subfield code="6">551_570000000000000_KH107</subfield>
   <subfield code="7">0</subfield>
   <subfield code="9">18916</subfield>
   <subfield code="a">000001</subfield>
   <subfield code="b">000001</subfield>
   <subfield code="d">2020-02-25</subfield>
   <subfield code="o">551.57 Kh107</subfield>
   <subfield code="p">MD.16691</subfield>
   <subfield code="r">2020-02-25</subfield>
   <subfield code="v">59000.00</subfield>
   <subfield code="w">2020-02-25</subfield>
   <subfield code="y">BK</subfield>
  </datafield>
  <datafield tag="952" ind1=" " ind2=" ">
   <subfield code="0">0</subfield>
   <subfield code="1">0</subfield>
   <subfield code="2">ddc</subfield>
   <subfield code="4">0</subfield>
   <subfield code="6">551_570000000000000_KH107</subfield>
   <subfield code="7">0</subfield>
   <subfield code="9">18917</subfield>
   <subfield code="a">000001</subfield>
   <subfield code="b">000001</subfield>
   <subfield code="d">2020-02-25</subfield>
   <subfield code="o">551.57 Kh107</subfield>
   <subfield code="p">MD.16692</subfield>
   <subfield code="r">2020-02-25</subfield>
   <subfield code="v">59000.00</subfield>
   <subfield code="w">2020-02-25</subfield>
   <subfield code="y">BK</subfield>
  </datafield>
  <datafield tag="952" ind1=" " ind2=" ">
   <subfield code="0">0</subfield>
   <subfield code="1">0</subfield>
   <subfield code="2">ddc</subfield>
   <subfield code="4">0</subfield>
   <subfield code="6">551_570000000000000_KH107</subfield>
   <subfield code="7">0</subfield>
   <subfield code="9">18918</subfield>
   <subfield code="a">000001</subfield>
   <subfield code="b">000001</subfield>
   <subfield code="d">2020-02-25</subfield>
   <subfield code="o">551.57 Kh107</subfield>
   <subfield code="p">MD.16693</subfield>
   <subfield code="r">2020-02-25</subfield>
   <subfield code="v">59000.00</subfield>
   <subfield code="w">2020-02-25</subfield>
   <subfield code="y">BK</subfield>
  </datafield>
  <datafield tag="952" ind1=" " ind2=" ">
   <subfield code="0">0</subfield>
   <subfield code="1">0</subfield>
   <subfield code="2">ddc</subfield>
   <subfield code="4">0</subfield>
   <subfield code="6">551_570000000000000_KH107</subfield>
   <subfield code="7">0</subfield>
   <subfield code="9">18919</subfield>
   <subfield code="a">000001</subfield>
   <subfield code="b">000001</subfield>
   <subfield code="d">2020-02-25</subfield>
   <subfield code="o">551.57 Kh107</subfield>
   <subfield code="p">MD.16694</subfield>
   <subfield code="r">2020-02-25</subfield>
   <subfield code="v">59000.00</subfield>
   <subfield code="w">2020-02-25</subfield>
   <subfield code="y">BK</subfield>
  </datafield>
  <datafield tag="952" ind1=" " ind2=" ">
   <subfield code="0">0</subfield>
   <subfield code="1">0</subfield>
   <subfield code="2">ddc</subfield>
   <subfield code="4">0</subfield>
   <subfield code="6">551_570000000000000_KH107</subfield>
   <subfield code="7">0</subfield>
   <subfield code="9">18920</subfield>
   <subfield code="a">000001</subfield>
   <subfield code="b">000001</subfield>
   <subfield code="d">2020-02-25</subfield>
   <subfield code="o">551.57 Kh107</subfield>
   <subfield code="p">MD.16695</subfield>
   <subfield code="r">2020-02-25</subfield>
   <subfield code="v">59000.00</subfield>
   <subfield code="w">2020-02-25</subfield>
   <subfield code="y">BK</subfield>
  </datafield>
  <datafield tag="952" ind1=" " ind2=" ">
   <subfield code="0">0</subfield>
   <subfield code="1">0</subfield>
   <subfield code="2">ddc</subfield>
   <subfield code="4">0</subfield>
   <subfield code="6">551_570000000000000_KH107</subfield>
   <subfield code="7">0</subfield>
   <subfield code="9">18921</subfield>
   <subfield code="a">000001</subfield>
   <subfield code="b">000001</subfield>
   <subfield code="d">2020-02-25</subfield>
   <subfield code="o">551.57 Kh107</subfield>
   <subfield code="p">MD.16696</subfield>
   <subfield code="r">2020-02-25</subfield>
   <subfield code="v">59000.00</subfield>
   <subfield code="w">2020-02-25</subfield>
   <subfield code="y">BK</subfield>
  </datafield>
  <datafield tag="952" ind1=" " ind2=" ">
   <subfield code="0">0</subfield>
   <subfield code="1">0</subfield>
   <subfield code="2">ddc</subfield>
   <subfield code="4">0</subfield>
   <subfield code="6">551_570000000000000_KH107</subfield>
   <subfield code="7">0</subfield>
   <subfield code="9">18922</subfield>
   <subfield code="a">000001</subfield>
   <subfield code="b">000001</subfield>
   <subfield code="d">2020-02-25</subfield>
   <subfield code="o">551.57 Kh107</subfield>
   <subfield code="p">MD.16697</subfield>
   <subfield code="r">2020-02-25</subfield>
   <subfield code="v">59000.00</subfield>
   <subfield code="w">2020-02-25</subfield>
   <subfield code="y">BK</subfield>
  </datafield>
  <datafield tag="980" ind1=" " ind2=" ">
   <subfield code="a">Thư viện Trường Đại học Nam Cần Thơ</subfield>
  </datafield>
 </record>
</collection>
